| 000 | 00000nam##2200000za#4500 |
| 001 | 9.570010 |
| 003 | CaOODSP |
| 005 | 20210624182034 |
| 007 | cr ||||||||||| |
| 008 | 150406|2005||||xxc|||||o f|0| 0 eng|d |
| 040 | |aCaOODSP|beng |
| 043 | |an-cn--- |
| 086 | 1 |aNH18-1-2/168-2005E-PDF |
| 110 | 2 |aCanada Mortgage and Housing Corporation. |
| 245 | 14|aThe transferability of the Safe in the City approach to youth homelessness prevention in Canada : |h[electronic resource]|bfinal report / |cby Luba Serge. |
| 246 | 3 |aPeut-on appliquer la démarche « Safe in the City » à la prévention de l'itinérance chez les jeunes au Canada? |
| 260 | |aOttawa - Ontario : |bCanada Mortgage and Housing Corporation |cDecember 2005 (main report), April 2006 (Research highlight). |
| 300 | |a64p. |
| 490 | 1 |aResearch report |
| 500 | |aIncludes: Research highlight (Socio-economic series 06-007, April 2006) under the same title. Y compris : Le point en recherche (Série socio-économique 06-007, avril 2006) sous le titre « Peut-on appliquer la démarche « Safe in the City » à la prévention de l'itinérance chez les jeunes au Canada? ». |
| 504 | |aBibliography. |
| 546 | |a(Le point en recherche en français.) |
| 590 | |a11-26-Supp|b2011-11-03 |
| 720 | 1 |aSerge, Luba |
| 830 | #0|aResearch report (Canada Mortgage and Housing Corporation : Online)|w(CaOODSP)9.506068 |
| 856 | 40|ahttp://publications.gc.ca|qPDF|s868 KB|uhttps://publications.gc.ca/collections/collection_2011/schl-cmhc/nh18-1-2/NH18-1-2-168-2005-eng.pdf |